| 000 | 01072nam a2200229Ia 4500 | ||
|---|---|---|---|
| 999 |
_c36703 _d36703 |
||
| 001 | 2632 | ||
| 003 | GE_BSU | ||
| 005 | 20221229110958.0 | ||
| 008 | 181216s2000||||ge |||||||||||||| ||geo|| | ||
| 040 | _cGE_BSU | ||
| 041 | _ageo | ||
| 080 | _a342.24+323.17 ხ–89 | ||
| 100 |
_aხუბუა, გიორგი _916621 |
||
| 245 |
_aფედერალიზმი როგორც ნორმატიული პრინციპები და პოლიტიკური წესრიგი : _b[იურიდ. ფაკ. სტუდ. / _cგიორგი ხუბუა ; რედ.: გიორგი ინწკირველი]. |
||
| 264 |
_aთბილისი, _c2000. |
||
| 300 |
_a524 გვ.; _b24 სმ. |
||
| 504 | _aბიბლიოგრ.: გვ. 508-524. | ||
| 653 | _aსამართალი | ||
| 653 | _aფედერალიზმი | ||
| 856 |
_uhttps://malkhaznakashidze.files.wordpress.com/2018/11/gl_7_federalizmirogorcnormatiuliprincipi.pdf _yელ. ვერსია. pdf |
||
| 942 |
_cBK _2udc |
||